General Microbiology / Fourth Edition (Record no. 3938)
[ view plain ]
| 000 -LEADER | |
|---|---|
| fixed length control field | 01686cam a22002294a 4500 |
| 005 - ΗΜΕΡΟΜΗΝΙΑ ΚΑΙ ΩΡΑ ΤΕΛΕΥΤΑΙΑΣ ΕΝΗΜΕΡΩΣΗΣ | |
| Πεδίο ελέγχου | 20250605164129.0 |
| 008 - FIXED-LENGTH DATA ELEMENTS--GENERAL INFORMATION | |
| Πεδίο ελέγχου σταθερού μήκους | 250528s ||||||||||||||||||||||||d |
| 035 ## - SYSTEM CONTROL NUMBER | |
| System control number | 18589 |
| 020 ## - ISBN | |
| ISBN | 333220145 |
| 040 ## - ΠΗΓΗ ΚΑΤΑΛΟΓΟΓΡΑΦΗΣΗΣ | |
| Φορέας πρωτότυπης καταλογογράφησης | MC Athens Campus Library |
| Γλώσσα καταλογογράφησης | Ελληνικά, Μοντέρνα (1453-) |
| Modifying agency | MC Athens Campus Library |
| Κανόνες περιγραφικής καταλογογράφησης | AACR2 |
| 245 1# - ΤΙΤΛΟΣ ΚΑΙ ΔΗΛΩΣΗ ΥΠΕΥΘΥΝΟΤΗΤΑΣ | |
| Τίτλος | General Microbiology / Fourth Edition |
| 250 ## - EDITION STATEMENT | |
| Edition statement | 4th |
| 260 ## - PUBLICATION, DISTRIBUTION, ETC. | |
| Name of publisher, distributor, etc. | Prentice Hall, |
| Date of publication, distribution, etc. | 1976 |
| 300 ## - PHYSICAL DESCRIPTION | |
| Extent | 876 |
| 520 ## - SUMMARY, ETC. | |
| Summary, etc. | This book retains the basic organization and presentation which were responsible for the success of the previous editions. Preface, The Beginnings of Microbiology, The Methods of Microbiology, The Nature of Microbial World, The Protists, The Procaryotes: An Introductory Survey, Microbial Metabolism: The Generation of ATP, Microbial Metabolism: Biosynthesis, Regulation, Microbial Growth, The Effect of Environment on Microbial Growth, The Relations Between Structure and Function in Procaryotic Cells, The Viruses, Mutation and Gene-Function at the Molecular Level, The Expression of Mutation in Viruses and Cells and Cell Populations, Genetic Recombination, The Classification of Bacteria, The Protosynthetic Procaryotes, Gram-Negative Bacteria: The Chemoautotrophs and Methylotrophs, Gram-Negative Bacteria: Aerobic Chemoheterotrophs, The Enteric Group and Related Organisms, Gram-Negative Bacteria: Myxobacteria and Other Gliding Organisms, Gram-Positive Bacteria: Unicellular Endosporeformers, Gram-Positive Bacteria: The Actinomycete Line, Nonspore-Forming Strict Anaerobes, Microorganisms as Geochemical Agents. |
| 700 1# - ΠΡΟΣΘΕΤΗ ΑΝΑΓΡΑΦΗ--ΦΥΣΙΚΟ ΠΡΟΣΩΠΟ | |
| Personal name | Adelberg Edward A. |
| 9 (RLIN) | 4851 |
| 700 1# - ΠΡΟΣΘΕΤΗ ΑΝΑΓΡΑΦΗ--ΦΥΣΙΚΟ ΠΡΟΣΩΠΟ | |
| Personal name | Graham John L |
| 9 (RLIN) | 752 |
| 700 1# - ΠΡΟΣΘΕΤΗ ΑΝΑΓΡΑΦΗ--ΦΥΣΙΚΟ ΠΡΟΣΩΠΟ | |
| Personal name | Stanier Roger Y |
| 9 (RLIN) | 4852 |
| 942 ## - ADDED ENTRY ELEMENTS (KOHA) | |
| Koha item type | Books |
| Τύπος τεκμηρίου | Βιβλιοθήκη | Τρέχουσα τοποθεσία | Barcode | Αριθμός εισαγωγής | Ημερομηνία απόκτησης | Ταξιθετικό σύμβολο | Αριθμός αντιτύπου | Κατάσταση απόσυρσης | Κατάσταση χαμένου | Κατάσταση κατεστραμμένου | Μη δανεισμός | Σύνολο δανεισμών | Ημερομηνία τελευταίας εμφάνισης | Η τιμή ισχύει από |
|---|---|---|---|---|---|---|---|---|---|---|---|---|---|---|
| Books | MC Athens Campus Library | MC Athens Campus Library | 9780000039378 | 3492 | 05/06/2025 | REF 589.95 576 STA | 2 | 05/06/2025 | 05/06/2025 |